IFM Opac

Professionals in public services (Record no. 14953)

MARC details
000 -LEADER
fixed length control field 00419nam a22001457a 4500
082 ## - DEWEY DECIMAL CLASSIFICATION NUMBER
Classification number 331.762000973SCH
100 ## - MAIN ENTRY--PERSONAL NAME
Personal name Schott, Richard L.
245 ## - TITLE STATEMENT
Title Professionals in public services
260 ## - PUBLICATION, DISTRIBUTION, ETC.
Place of publication, distribution, etc. London
Name of publisher, distributor, etc. Sage
Date of publication, distribution, etc. 1973
300 ## - PHYSICAL DESCRIPTION
Extent 59p
Other physical details ill,:25cm
500 ## - GENERAL NOTE
General note Include Reference and Appendix
650 ## - SUBJECT ADDED ENTRY--TOPICAL TERM
Topical term or geographic name entry element The characteristics and education of enginner federal executive
700 ## - ADDED ENTRY--PERSONAL NAME
Personal name Schott, Richard L.
942 ## - ADDED ENTRY ELEMENTS (KOHA)
Koha item type Books
Holdings
Withdrawn status Lost status Damaged status Not for loan Home library Current library Shelving location Date acquired Total Checkouts Full call number Barcode Date last seen Price effective from Koha item type
Withdrawn       IFM Main Campus Library IFM Main Campus Library Archival Collection 01/25/2016   331.762000973SCH 0000007319 01/25/2016 02/19/2022 Books